000 00613 a2200217 4500
003 0199360
005 20251018160431.0
008 251018b |||||||| |||| 00| 0 eng d
020 _a9789789773664
040 _c Nile university of Nigeria, Abuja.
_erda
050 _a KP 68 .O4
082 _a KP 68 .O4
100 _aHon Justice C.M.A Olatoregun
_d2019
245 _aCASES RULINGS AND JUDGEMENTS
260 _aAbuja
_bMarvellous Mike Press
_c2019
264 _aAbuja
_bMarvellous Mike Press
_c2019
300 _bxxviii, 770pg., 35 cm
336 _2rdacontent
338 _2rdacarrier
942 _2lcc
_cBK
999 _c43920
_d43920